| 000 | 00900nam a2200277 ar4500 | ||
|---|---|---|---|
| 001 | 4227 | ||
| 005 | 20221127090908.0 | ||
| 006 | a a 000 0 | ||
| 008 | 150519 su a | 000 0 eng d | ||
| 090 | _aSP-N | ||
| 100 | 1 | _aAl Barrak, Heba. | |
| 245 | 1 | 0 |
_aNFC based contact manager for android platform / _cHeba Al Barrak. |
| 246 | 1 | _aNear Filed Communication based contact manager for android platform. | |
| 260 | _c2015. | ||
| 300 |
_a54 leaves : _billustrations(chiefly color) ; _c30 cm. |
||
| 500 | _aSupervisor: Dr. Adel Baig. | ||
| 504 | _aIncludes bibl. references. | ||
| 526 | 0 | _aStudent project. | |
| 562 | _a2 copies. | ||
| 563 | _a1 copy spiral binding(48 leaves). | ||
| 650 | 4 | _aAndroid(Electronic resource). | |
| 650 | 4 | _aComputer networks. | |
| 650 | 4 | _aNear field communication. | |
| 650 | 4 | _aWireless communication systems. | |
| 650 | 4 | _aDigital communications. | |
| 999 |
_c4225 _d4225 |
||